[Event "Berlin Lichtenberger op 18th"]
[Site "Berlin"]
[Date "2019.08.18"]
[Round "2"]
[White "Tedesco, Gennaro"]
[Black "Keusch, Horst"]
[Result "1/2-1/2"]
[WhiteElo "1663"]
[BlackElo "2001"]
[PlyCount "79"]
[EventDate "2019.08.17"]
[EventType "swiss"]
[EventRounds "9"]
[EventCountry "GER"]
[SourceTitle "EXT 2020"]
[Source "ChessBase"]
[SourceDate "2019.10.17"]
[SourceVersion "1"]
[SourceVersionDate "2019.10.17"]
[SourceQuality "1"]

1. d4 f5 2. Bg5 g6 3. e3 Bg7 4. h4 h6 5. Bf4 Nf6 6. Nc3 d6 7. Be2 Nc6 8. d5 Ne5 9. Bxe5 dxe5 10. Qd2 0-0 11. 0-0-0 a6 12. Bc4 b5 13. Bb3 Qd6 14. f3 Bd7 15. Nh3 a5 16. a4 Rfb8 17. Nf2 bxa4 18. Nxa4 Bxa4 19. Bxa4 e4 20. c3 Ra6 21. Kc2 Rab6 22. b3 Kh7 23. fxe4 Nxe4 24. Nxe4 fxe4 25. h5 g5 26. Qf2 Qe5 27. Qd2 Qd6 28. Rhf1 Rd8 29. Rf7 Qc5 30. Qd4 Qxd4 31. cxd4 Rxd5 32. Rxe7 c5 33. Rf1 Kg8 34. Re8+ Kh7 35. Rf7 Rf6 36. Rxf6 Bxf6 37. Rxe4 cxd4 38. exd4 Bxd4 39. g4 Kg7 40. Kd3 1/2-1/2

[Event "Berlin Lichtenberger op 18th"]
[Site "Berlin"]
[Date "2019.08.17"]
[Round "1"]
[White "Keusch, Horst"]
[Black "Wadepfuhl, Jeremy"]
[Result "0-1"]
[WhiteElo "2001"]
[BlackElo "1668"]
[PlyCount "66"]
[EventDate "2019.08.17"]
[EventType "swiss"]
[EventRounds "9"]
[EventCountry "GER"]
[SourceTitle "EXT 2020"]
[Source "ChessBase"]
[SourceDate "2019.10.17"]
[SourceVersion "1"]
[SourceVersionDate "2019.10.17"]
[SourceQuality "1"]

1. f4 d5 2. Nf3 Nf6 3. e3 Bf5 4. b3 Nbd7 5. Bb2 e6 6. Be2 Be7 7. 0-0 0-0 8. Ne5 Nxe5 9. fxe5 Nd7 10. Bg4 Bg6 11. d3 c5 12. Nd2 Qc7 13. Nf3 b5 14. Qe2 c4 15. Bd4 Rfc8 16. dxc4 bxc4 17. Qf2 cxb3 18. cxb3 h5 19. Bh3 Qc2 20. Qg3 Nc5 21. Rfc1 Qd3 22. Rc3 Qa6 23. Nd2 Ne4 24. Nxe4 Bxe4 25. Rxc8+ Rxc8 26. Qe1 Rc2 27. a4 Qb7 28. Rb1 Bb4 29. Qf1 a6 30. g4 hxg4 31. Qf4 gxh3 32. Qh4 Rg2+ 33. Kf1 Bd3# 0-1

[Event "Berlin-ch Seniors op 34th"]
[Site "Berlin"]
[Date "2018.02.01"]
[Round "3"]
[White "Burchardt, Brigitte"]
[Black "Keusch, Horst"]
[Result "1-0"]
[WhiteElo "2170"]
[BlackElo "1942"]
[PlyCount "83"]
[EventDate "2018.01.30"]
[EventType "swiss"]
[EventRounds "9"]
[EventCountry "GER"]
[SourceTitle "EXT 2020"]
[Source "ChessBase"]
[SourceDate "2019.10.17"]
[SourceVersion "1"]
[SourceVersionDate "2019.10.17"]
[SourceQuality "1"]

1. e4 e6 2. d4 d5 3. Nd2 dxe4 4. Nxe4 Bd7 5. Nf3 Bc6 6. Nc3 Nd7 7. Bd3 Ngf6 8. 0-0 Be7 9. a3 0-0 10. Ne5 Nxe5 11. dxe5 Nd7 12. Qe2 Nc5 13. Bc4 Bg5 14. Rd1 Qe7 15. f4 Bh6 16. b4 Na4 17. Nxa4 Bxa4 18. Be3 b6 19. Kh1 Bc6 20. Rf1 g6 21. f5 Qh4 22. Bxh6 Qxh6 23. fxe6 fxe6 24. Bxe6+ Kh8 25. Qc4 Rxf1+ 26. Rxf1 Rf8 27. Rxf8+ Qxf8 28. Kg1 Qe8 29. Bd5 Bxd5 30. Qxd5 Kg7 31. h3 Qe7 32. g4 c6 33. Qe4 c5 34. c3 cxb4 35. cxb4 a5 36. Kg2 axb4 37. axb4 Qe6 38. Qd4 g5 39. Kf3 Qb3+ 40. Ke4 Qxh3 41. e6+ Kf8 42. Qf6+ 1-0

[Event "Berlin-ch Seniors op 34th"]
[Site "Berlin"]
[Date "2018.01.31"]
[Round "2"]
[White "Keusch, Horst"]
[Black "Krause, Werner1111"]
[Result "1-0"]
[WhiteElo "1942"]
[BlackElo "1625"]
[PlyCount "59"]
[EventDate "2018.01.30"]
[EventType "swiss"]
[EventRounds "9"]
[EventCountry "GER"]
[SourceTitle "EXT 2020"]
[Source "ChessBase"]
[SourceDate "2019.10.17"]
[SourceVersion "1"]
[SourceVersionDate "2019.10.17"]
[SourceQuality "1"]

1. f4 e5 2. fxe5 d6 3. Nf3 Bg4 4. e4 Bxf3 5. Qxf3 dxe5 6. Bc4 Qf6 7. Qe2 Qb6 8. Rf1 f6 9. Nc3 c6 10. d3 Nd7 11. Bb3 Bd6 12. Be3 Qc7 13. Qg4 Nc5 14. Bxc5 Bxc5 15. 0-0-0 Nh6 16. Qh5+ Nf7 17. g4 g6 18. Qh3 Ng5 19. Qg3 Qe7 20. h4 Ne6 21. Ne2 0-0-0 22. g5 fxg5 23. Qh3 Rde8 24. hxg5 Qxg5+ 25. Kb1 Qe7 26. d4 Bxd4 27. Rxd4 exd4 28. Nxd4 Kb8 29. Nxe6 Qb4 30. Qg3+ 1-0

[Event "Berlin Lichtenberger op 16th"]
[Site "Berlin"]
[Date "2017.08.20"]
[Round "2"]
[White "Keusch, Horst"]
[Black "Segerberg, Tomas Olof"]
[Result "0-1"]
[WhiteElo "1976"]
[BlackElo "2077"]
[PlyCount "68"]
[EventDate "2017.08.19"]
[EventType "swiss"]
[EventRounds "9"]
[EventCountry "GER"]
[SourceTitle "CBM 180 Extra"]
[Source "ChessBase"]
[SourceDate "2017.10.06"]
[SourceVersion "1"]
[SourceVersionDate "2017.10.06"]
[SourceQuality "1"]

1. f4 d5 2. Nf3 Nc6 3. e3 Bg4 4. h3 Bxf3 5. Qxf3 e6 6. Bb5 Qd7 7. d4 f5 8. Nd2 Nf6 9. c4 Bb4 10. 0-0 Bxd2 11. Bxd2 0-0 12. Rac1 a6 13. Ba4 Ne4 14. Be1 dxc4 15. Bc2 Nd6 16. d5 exd5 17. Qxd5+ Kh8 18. Rd1 Qe7 19. Rf3 Rad8 20. Qc5 Qe6 21. Bc3 Rf7 22. Rg3 Rdf8 23. Kh2 Nb8 24. Rxg7 Rxg7 25. Qxc7 Nf7 26. e4 fxe4 27. Rd4 Kg8 28. Bxe4 Nc6 29. Bd5 Qe7 30. Qb6 Qe3 31. Bxc6 bxc6 32. Qxc6 Rg6 33. Qd5 Rd8 34. Re4 Qg3+ 0-1

[Event "Miedzyzdroje OB Seniors 24th"]
[Site "Miedzyzdroje"]
[Date "2016.06.20"]
[Round "4"]
[White "Keusch, Horst"]
[Black "Berger, Volkmar"]
[Result "1-0"]
[WhiteElo "1989"]
[BlackElo "1723"]
[PlyCount "75"]
[EventDate "2016.06.17"]
[EventType "swiss"]
[EventRounds "9"]
[EventCountry "POL"]
[SourceTitle "EXT 2019"]
[Source "ChessBase"]
[SourceDate "2018.10.10"]
[SourceVersion "1"]
[SourceVersionDate "2018.10.10"]
[SourceQuality "1"]

1. f4 e5 2. fxe5 d6 3. Nf3 Nc6 4. e4 Nxe5 5. d4 Nxf3+ 6. Qxf3 Qf6 7. Qd3 a6 8. Nd2 Ne7 9. Nf3 h6 10. Be2 d5 11. 0-0 dxe4 12. Qxe4 Qg6 13. Qe3 Bh3 14. Nh4 Qxc2 15. gxh3 0-0-0 16. Rxf7 Nc6 17. Bg4+ Kb8 18. Qc3 Qe4 19. Rf4 Qd5 20. Bf3 Nxd4 21. Be3 Nxf3+ 22. Rxf3 Bd6 23. Raf1 Be5 24. Qc2 Bd4 25. Bxd4 Qxd4+ 26. Qf2 Qb4 27. Ng6 Rhe8 28. a3 Qd6 29. Qg3 Qd4+ 30. Qf2 Qd6 31. Nf4 Qe5 32. Ng2 Qg5 33. Kh1 Rd2 34. Qg3 Qb5 35. Qxg7 Qe2 36. Qg6 Rxb2 37. Nf4 Qb5 38. Rc1 1-0

[Event "Miedzyzdroje OB Seniors 24th"]
[Site "Miedzyzdroje"]
[Date "2016.06.19"]
[Round "3"]
[White "Gander, Ralf"]
[Black "Keusch, Horst"]
[Result "1-0"]
[WhiteElo "2134"]
[BlackElo "1989"]
[PlyCount "64"]
[EventDate "2016.06.17"]
[EventType "swiss"]
[EventRounds "9"]
[EventCountry "POL"]
[SourceTitle "EXT 2019"]
[Source "ChessBase"]
[SourceDate "2018.10.10"]
[SourceVersion "1"]
[SourceVersionDate "2018.10.10"]
[SourceQuality "1"]

1. e4 g6 2. Nc3 c6 3. d4 d5 4. Nf3 Bg7 5. Be3 dxe4 6. Nxe4 Nf6 7. Nxf6+ Bxf6 8. Qd2 0-0 9. h4 h5 10. Bd3 Nd7 11. 0-0-0 Bg7 12. Bh6 Nf6 13. c3 Qa5 14. Kb1 Be6 15. b3 Bf5 16. Bxg7 Kxg7 17. Ne5 Bxd3+ 18. Qxd3 Rad8 19. f3 c5 20. g4 cxd4 21. cxd4 Rh8 22. Rd2 Nd5 23. Nc4 Qc7 24. Rg1 b5 25. Ne5 Qb6 26. Kb2 a5 27. f4 Nxf4 28. Qf1 Rxd4 29. Rf2 Qf6 30. Qxb5 Nd3+ 31. Nxd3 Rxd3+ 32. Rxf6 Rd2+ 1-0

[Event "Hessen-ch Seniors op 12th"]
[Site "Bad Sooden-Allendorf"]
[Date "2016.04.30"]
[Round "1"]
[White "Wraga, Teresa"]
[Black "Keusch, Horst"]
[Result "0-1"]
[WhiteElo "1664"]
[BlackElo "1992"]
[PlyCount "62"]
[EventDate "2016.04.30"]
[EventType "swiss"]
[EventRounds "9"]
[EventCountry "GER"]
[SourceTitle "EXT 2019"]
[Source "ChessBase"]
[SourceDate "2018.10.10"]
[SourceVersion "1"]
[SourceVersionDate "2018.10.10"]
[SourceQuality "1"]

1. e4 g6 2. Nc3 c6 3. g3 Bg7 4. Bg2 e5 5. Nf3 Ne7 6. 0-0 0-0 7. d3 d5 8. exd5 cxd5 9. Re1 Nbc6 10. h3 d4 11. Ne4 f5 12. Ned2 Qc7 13. Nb3 b6 14. Bg5 Bb7 15. Bxe7 Nxe7 16. Qe2 Nc6 17. a3 Rae8 18. Qd2 Re7 19. Rac1 f4 20. gxf4 Rxf4 21. Re4 Bh6 22. Nh2 Rxe4 23. Qxh6 Rf4 24. Qg5 Ref7 25. Ng4 Rf8 26. Nxe5 Nxe5 27. Bxb7 Qxb7 28. Qxe5 Rxf2 29. Qg3 Qf7 30. Nxd4 Rf1+ 31. Rxf1 Qxf1+ 0-1

[Event "Berlin Lichtenberger op 14th"]
[Site "Berlin"]
[Date "2015.08.15"]
[Round "1"]
[White "Allaart, Jesse"]
[Black "Keusch, Horst"]
[Result "0-1"]
[WhiteElo "1546"]
[BlackElo "1984"]
[PlyCount "98"]
[EventDate "2015.08.15"]
[EventType "swiss"]
[EventRounds "9"]
[EventCountry "GER"]
[SourceTitle "EXT 2016"]
[Source "ChessBase"]
[SourceDate "2015.10.08"]
[SourceVersion "1"]
[SourceVersionDate "2015.10.08"]
[SourceQuality "1"]

1. e4 g6 2. d4 c6 3. Nc3 d5 4. e5 Bg7 5. f4 Nh6 6. Nf3 0-0 7. Be2 f6 8. 0-0 Bf5 9. Bd3 fxe5 10. fxe5 Na6 11. Nh4 Bxd3 12. Qxd3 Rxf1+ 13. Qxf1 Nc7 14. Na4 Ne6 15. Nf3 Qa5 16. b3 Rf8 17. Bd2 Qd8 18. c3 Nf5 19. Qe2 Qc8 20. Ng5 b6 21. Rf1 Nxg5 22. Bxg5 h6 23. Be3 Kh7 24. g4 Nxe3 25. Rxf8 Bxf8 26. Qxe3 Qxg4+ 27. Kf2 e6 28. Nb2 Be7 29. Qf3 Qh4+ 30. Ke2 Kg7 31. Nd3 Qxh2+ 32. Qf2 Qxf2+ 33. Kxf2 g5 34. Kg3 Kg6 35. Nf2 h5 36. Nd3 Kf5 37. Nf2 g4 38. b4 h4+ 39. Kg2 Bg5 40. Nd3 Bd2 41. b5 cxb5 42. Nb4 Bxc3 43. Nc6 a5 44. Ne7+ Kg5 45. Nc6 b4 46. Nd8 Kf5 47. Nc6 a4 48. Ne7+ Kg5 49. Nc6 b3 0-1